Normal view
MARC view
- Haq, Izhar ul
Entry Personal Name
001 - CONTROL NUMBER
- control field: 120417
003 - CONTROL NUMBER IDENTIFIER
- control field: NUST
005 - DATE AND TIME OF LATEST TRANSACTION
- control field: 20240214160620.0
008 - FIXED-LENGTH DATA ELEMENTS
- fixed length control field: 240214|| aca||aabn | a|a d
040 ## - CATALOGING SOURCE
- Original cataloging agency: NUST
- Transcribing agency: NUST
100 ## - HEADING--PERSONAL NAME
- Personal name: Haq, Izhar ul
670 ## - SOURCE DATA FOUND
- Source citation: Work cat.: (NUST): Haq, Izhar ul, Online Grocery Store (Samaan) Business Plan For Elixir Technologies/
